Vladimir Iljic Lenin.

Uložené v:
Podrobná bibliografia
Hlavný autor: JEVGRAFOV, V. (Author)
Médium: Kniha
Jazyk:Russian
Vydané: 1981
Tagy: Pridať tag
Žiadne tagy, Buďte prvý kto otaguje tento záznam!

MARC

LEADER 00000nam a2200000 a 4500
001 000171835
005 00000000000000.0
008 040101s1981 e ruso
041 0 |a rus 
100 1 |a JEVGRAFOV, V.  |4 aut 
245 1 0 |a Vladimir Iljic Lenin. 
260 |c 1981 
500 |a Záznam neprešiel kontrolou 
910 |a svkkk 
998 |a BK 
090 |g SCKHL  |k Sklad Pribinova 2. posch.  |a III.119696  |i 2720234897  |s Absenčne